000 00723nam a2200205Ia 4500
003 GCL
008 140319s9999 xx 000 0 ara d
040 _aGCL /
_cGCL
082 0 4 _a810.96
_bش م
100 1 _aشوقى ضيف
245 1 0 _aالمغرب فى حلى المغرب /
_cشوقى ضيف
700 1 _aابن سعيد المغربى : نور الدين ابو الحسن على بن محمد بن سعيد بن عبدالملك الاندلسى
260 _aالقاهرة :
_bدار المعارف ،
_c1980
300 _a571 ص ؛
_c24 سم
490 _aسلسلة ذخائر العرب
_v0
650 0 4 _aالادب العربى
650 0 4 _aتاريخ
650 0 4 _aالمغرب
942 _2ddc
_cBK
999 _c55354
_d55354